Disney, Pixar, Ghibli ou Dreamworks? - Statistiques

Statistiques générales
  • Ce quiz a été pris 8 692 fois
  • Le résultat moyen est 74 sur 120
Statistiques - réponses
Hint Réponse % Correct
Le Roi Lion Disney
81%
Blanche-Neige et les sept nains Disney
81%
La Belle au bois dormant Disney
81%
Pocahontas Disney
81%
La Belle et la Bête Disney
81%
Bambi Disney
81%
Aladdin Disney
80%
Mulan Disney
80%
Peter Pan Disney
80%
La Petite sirène Disney
80%
La Reine des neiges Disney
79%
Pinocchio Disney
79%
Dumbo Disney
79%
Alice au Pays des merveilles Disney
79%
Le Livre de la jungle Disney
79%
Les 101 Dalmatiens Disney
79%
Les Aristochats Disney
79%
La Belle et le Clochard Disney
79%
Le Bossu de Notre-Dame Disney
79%
Hercule Disney
79%
Tarzan Disney
79%
La Princesse et le Grenouille Disney
79%
Robin des Bois Disney
78%
Raiponce Disney
78%
Vaiana: la légende du bout du monde Disney
77%
Mon voisin Totoro Ghibli
77%
Merlin l'Enchanteur Disney
76%
Lilo et Stitch Disney
76%
Winnie l'ourson Disney
76%
Princesse Mononoké Ghibli
76%
Le Voyage de Chihiro Ghibli
76%
Le Chateau dans le ciel Ghibli
75%
Le Chateau ambulant Ghibli
75%
Les Aventures de Bernard et Bianca Disney
74%
Rox et Rouky Disney
73%
Fantasia Disney
73%
Ponyo sur la falaise Ghibli
73%
Le Conte de la princesse Kaguya Ghibli
73%
Le Tombeau des lucioles Ghibli
72%
Kiki la petite sorcière Ghibli
72%
Pompoko Ghibli
72%
La Colline aux coquelicots Ghibli
72%
Frère des ours Disney
71%
Mes voisins les Yamada Ghibli
70%
Kuzco, l'empereur mégalo Disney
69%
Shrek Dreamworks
69%
Encanto: la fantastique famille Madrigal Disney
68%
Kung-Fu Panda Dreamworks
68%
Le vent se lève Ghibli
68%
Dragon Dreamworks
67%
Madagascar Dreamworks
66%
Atlantide, l'empire perdu Disney
65%
Megamind Dreamworks
65%
Les Cinq Légendes Dreamworks
65%
Arietty, le petit monde des chapardeurs Ghibli
65%
Gang de requins Dreamworks
64%
Bee Movie: Drôles d'abeille Dreamworks
64%
Monstres contre Aliens Dreamworks
64%
Les Croods Dreamworks
64%
Si tu tends l'oreille Ghibli
64%
Le Chat Potté Dreamworks
63%
Les Bad Guys Dreamworks
63%
Je peux entendre l'océan Ghibli
63%
Le Royaume des chats Ghibli
63%
Capitaine Superslip Dreamworks
62%
Raya et le Dernier dragon Disney
61%
Toy Story Pixar
61%
Porco Rosso Ghibli
60%
Souvenirs goutte à goutte Ghibli
60%
Zootopie Disney
59%
Wallace et Gromit: le mystère du lapin-garou Dreamworks
59%
Souris City Dreamworks
59%
Les Trolls Dreamworks
59%
Baby Boss Dreamworks
59%
Les Contes de Terremer Ghibli
59%
Souvenir de Marnie Ghibli
59%
Oliver et compagnie Disney
58%
Spirit, l'étalon des plaines Dreamworks
57%
Monstres & Cie. Pixar
57%
Les Indestructibles Pixar
57%
Cars Pixar
57%
La Planète au trésor: un nouvel univers Disney
55%
M. Peabody et Sherman: Les voyages dans le temps Dreamworks
55%
Aya et la Sorcière Ghibli
55%
Taram et le Chaudron magique Disney
54%
Basil, détective privé Disney
54%
Abominable Dreamworks
54%
WALL-E Pixar
54%
Fourmiz Dreamworks
53%
Nos voisins, les hommes Dreamworks
53%
Vice-Versa Pixar
53%
Le Prince d'Égypte Dreamworks
51%
Là-Haut Pixar
51%
Chicken Run Dreamworks
50%
Dinosaure Disney
48%
Soul Pixar
48%
La Route d'Eldorado Dreamworks
47%
Sinbad, la Légende des sept mers Dreamworks
47%
La Tortue rouge Ghibli
47%
Les Mondes de Ralph Disney
46%
Volt, star malgré lui Disney
45%
Joseph, le roi des rêves Dreamworks
45%
Le Monde de Nemo Pixar
45%
Luca Pixar
45%
Turbo Dreamworks
44%
Les Nouveaux Héros Disney
42%
1001 Pattes Pixar
42%
Alerte Rouge Pixar
42%
En Avant Pixar
40%
Ratatouille Pixar
39%
La ferme se rebelle Disney
38%
Le Voyage d'Arlo Pixar
38%
Coco Pixar
38%
En route! Dreamworks
37%
Avalonia, l'étrange voyage Disney
36%
Chicken Little Disney
35%
Rebelle Pixar
34%
Le Crapaud et le Maître d'école Disney
33%
La Boîte à musique Disney
26%
Coquin de printemps Disney
25%
Aucun quiz correspondant
Distribution des résultats
% des personnes avec chaque résultat
Percentile par nombre de réponses
Votre historique - résultats
Vous n’avez pas pris ce quiz